000
00303nam a2200121Ia 4500
008
190216s9999||||xx |||||||||||||| ||und||
100
_a
Tharakan K M
245
4
_a
The Silent Song An Anthology Of Verse
260
_b
Macmillan India Ltd
_c
1987
300
_a
90p
650
_a
English Poetry
942
_c
BK
999
_c
13492
_d
13492